Normal view MARC view
  • Gardner, Jane F.

Entry Personal Name

Number of records used in: 2

001 - CONTROL NUMBER

  • control field: 33590

003 - CONTROL NUMBER IDENTIFIER

  • control field: OSt

005 - DATE AND TIME OF LATEST TRANSACTION

  • control field: 20130904153158.0

008 - FIXED-LENGTH DATA ELEMENTS

  • fixed length control field: 130904|| aca||aabn | a|a d

040 ## - CATALOGING SOURCE

  • Original cataloging agency: OSt
  • Transcribing agency: OSt

100 ## - HEADING--PERSONAL NAME

  • Personal name: Gardner, Jane F.

670 ## - SOURCE DATA FOUND

  • Source citation: Work cat.: (OSt)0: Caesar, Julius. 33586, The civil war /, 2004.